Svensk Musik Click Chain - Statistics

General Stats
  • This quiz has been taken 11 times
  • The average score is 11 of 31
Answer Stats
Hint Answer % Correct
Sångaren i bandet Kent heter Joakim Berg1
78%
Bandet är starkt förknippat med vilken färg Grön
67%
Som anser att alla vill var? Himmelen
56%
Där en av medlemmarna heter Frej ...? Larsson
56%
Vars mest spelade låt är Lush Life
56%
Vilken stad är skön när den är denna färg? Stockholm
56%
Vilket var första gången Sverige vann sedan 2012
44%
Som släpptes år 2015
44%
Som var samma år vilken Youtuber släppte låten Efterbralla Jockiboi
44%
Som framfördes första gången i Melodisfestivalen
44%
Vem säger att man ska ha dessa upp i luften? Petra Marklund
44%
Som dog av ett? Tåg
44%
Som är oskyldigt blå enligt Ted Gärdestad
44%
Som är efternamnet av världsstjärnan Zara
44%
Året 2003
33%
Där en av personerna i duon har gjort låten Genom eld
33%
Som är ett album av Gyllene Tider
33%
Där frontfiguren också varit medlem i Roxette
33%
& vatten, är gjord av Sarek
33%
Som anser att man har ___ vart man än i världen vänder Tomma händer
33%
Som slutade vara aktiva år 2016
22%
Som innan sitt giftemål hette Joakim Berg2
22%
Som även är känd som September
22%
Som är månaden efter vadå? Sommartider
22%
Vilket är samma år detta album släpps The botten is nådd
22%
Vars frontfigurs förnamn är en del av detta bands namn Den Svenska Björnstammen
11%
Vilket var året vilket band släppte låten som har längst tid som etta på svensktoppen Mando Diao
11%
Här kommer seger__ gjordes av Maskinen
11%
Vilken duo är från denna staden? Snook
11%
Som släpptes av artisten Timbuktu
11%
Vilket delar förnamn med sångaren i bandet Imperiet
0%
No matching quizzes found
Score Distribution
Percent of People with Each Score
Percentile by Number Answered
Your Score History
You have not taken this quiz